Erste Allgemeine Verunsicherung (EAV) - Alle Alben - Statistiken

Allgemein
  • Dieses Quiz wurde 15 mal gespielt
  • Das Durchschnittsergebnis liegt bei 9 aus 23
Antwortstatistiken
Jahr Album % Korrekt
1987 Liebe, Tod & Teufel
69%
1985 Geld oder Leben!
62%
1995 (Live) Kunst Tour 95 – Live
62%
1994 Nie wieder Kunst (wie immer …)
62%
1978 1. Allgemeine Verunsicherung
54%
1998 Himbeerland
54%
1997 Im Himmel ist die Hölle los
46%
1990 Neppomuk’s Rache
46%
1983 Spitalo Fatalo
46%
2015 Werwolf-Attacke – Monsterball ist überall
46%
2018 Alles ist erlaubt
38%
2007 Amore XL
38%
1981 Café Passé
38%
2019 (Live) 1000 Jahre EAV Live – Der Abschied
38%
2003 Frauenluder
38%
1984 À la carte
31%
2010 Neue Helden braucht das Land
31%
2010 (Live) Neue Helden Live in Graz
31%
1991 Watumba!
31%
2021 EAVliche Weihnachten – Ihr Sünderlein kommet
23%
2016 Was haben wir gelacht …
15%
2000 (Als Klaus Eberhartinger & Die Gruftgranaten) Austropop in Tot-Weiß-Tot
8%
2008 (EP) Famous 5: Mei Herrlich
8%
Keine übereinstimmenden Quizze gefunden
Verteilung der Resultate
Anzahl Personen mit jedem Resultat
Perzentil nach korrekt beantworteten Fragen
Ihre Resultats-Entwicklung
Sie haben dieses Quiz noch nicht gespielt